K niektorým otázkam prepojenia ekologickej logistiky a podnikovej stratégie

Ciele, ktoré si vytýčila Európska rada v Bruseli 8.-9. marca 2007, prijaté ciele budú rozpracované v ekonomikách členských krajín s priamym dopadom na jednotlivé podniky. Podniky vo svojej stratégii by mali vypracovať vstupnú analýzu, ktorá by bola zameraná na prístup podniku k ochrane životného pro...

Ausführliche Beschreibung

Gespeichert in:
Bibliographische Detailangaben
1. Verfasser: Marečková, Zuzana
Format: Buchkapitel
Sprache:Slowakisch
Schlagworte:
Tags: Tag hinzufügen
Keine Tags, Fügen Sie das erste Tag hinzu!

MARC

LEADER 00000naa$a2200000$$$4500
001 0095769
005 20240502083241.9
041 0 |a slo 
044 |a CZ 
245 1 0 |a K niektorým otázkam prepojenia ekologickej logistiky a podnikovej stratégie  |c Zuzana Marečková 
520 |a Ciele, ktoré si vytýčila Európska rada v Bruseli 8.-9. marca 2007, prijaté ciele budú rozpracované v ekonomikách členských krajín s priamym dopadom na jednotlivé podniky. Podniky vo svojej stratégii by mali vypracovať vstupnú analýzu, ktorá by bola zameraná na prístup podniku k ochrane životného prostredia. Aktívna politika ochrany životného prostredia a podnik. 
610 2 0 |a ekológia 
610 2 0 |a logistika 
610 2 0 |a stratégia podniková 
610 2 0 |a Európska únia 
100 1 |a Marečková, Zuzana